000 00847nam a2200253Ia 4500
003 OSt
005 20220923211451.0
006 a|||||r|||| 00| 0
007 ta
008 Pun
020 _a9789350687987 (hbk)
_c150
024 _a281,273
037 _b899, 25/07/2014, Bright Book Service
_cTextual
040 _aARTS
_cARTS
_bPun
041 _2Pun
_aPun
082 _aO153,3N71,LB, Q4
100 _aਬਰਾੜ, ਬਰਜਿੰਦਰ ਸਿੰਘ
245 0 _aਲਹੂ ਭਿੱਜੇ ਦਿਨ 1947
260 _aਚੰਡੀਗੜ
_b ਲੋਕਗੀਤ ਪ੍ਰਕਾFਨ
_c2014
300 _a87ਪੰ
_ccm.
650 _aਪੰਜਾਬੀ ਸਾਹਿਤ
942 _hO153,3N71,LB, Q4
_cTEXL
_2CC
999 _c299811
_d299811